| 000 | 00641cam a2200145 4500500 | ||
|---|---|---|---|
| 005 | 20251228052418.0 | ||
| 041 | _afre | ||
| 042 | _adc | ||
| 100 | 1 | 0 |
_aGascon, Alain _eauthor |
| 245 | 0 | 0 | _aFULLERTON JOIREMAN, Sandra. — Property Rights and Political Development in Ethiopia and Eritrea 1941-1974. Oxford, James Currey ; Athens, Ohio University Press, Eastern African Studies, 2000. |
| 260 | _c2005. | ||
| 500 | _a32 | ||
| 786 | 0 | _nCahiers d'études africaines | 177 | 1 | 2005-03-01 | p. 257c-303c | 0008-0055 | |
| 856 | 4 | 1 | _uhttps://shs.cairn.info/revue-cahiers-d-etudes-africaines-2005-1-page-257c?lang=fr&redirect-ssocas=7080 |
| 999 |
_c1583483 _d1583483 |
||